000
00298nam a22001097a 4500
040
_c
SK
082
_a
317
100
_a
LOWELL J.
245
_a
ដើមម្រំ អាហរធម្មជាតិសំរាប់តំបន់ត្រូពិក
260
_a
NA
_b
LOW
_c
1999
942
_c
EK
999
_c
10343
_d
10343